000 02243cam a2200325 a 4500
001 16858184
005 20210414113928.0
008 110706s2011 enk 001 0 eng
010 _a 2011933689
_z 2011290984
020 _a9780199572045 (pbk. : alk. paper)
040 _aDLC
_cDLC
_dDLC
042 _apcc
043 _ae-uk-en
050 0 0 _aKD1020.C37
_b
100 1 _aCard, Richard.
245 1 0 _aReal estate management law. /
_cRichard Card, John Murdoch, Sandi Murdoch.
250 _a7th ed.
260 _aOxford ;
_aNew York :
_bOxford University Press,
_cc2011.
300 _alxxxvi, 747 p. ;
_c25 cm.
500 _aRev. ed. of: Law for estate management students. 4th ed. 1994.
500 _aIncludes index.
505 _a Contents: The Civil courts -- Legislation -- The Essential elements of a contract form -- Ascertaining an agreement -- Intention to be legally bound -- Contractual terms -- Performance and breach -- Exemption clauses and unfair terms in consumer contracts -- Discharge by frustration -- Remedies for breach of contract -- Misrepresentation, dutress and undue influence -- Third party rights or obligations under a contract -- Agency -- Negligence - duty of care -- Negligence - breach of duty -- Negligence - the causing of damage -- Defence to negligence -- Breach of statutory of duty -- Liability for dangerous premises -- Trespass to land -- Nuisance -- Strict liability -- Animals -- Vicarious liability -- Remedies -- Land, its ownership and use -- The Formal acquisition of rights to land -- The Informal acquisition of rights to land -- Concurrent ownership -- Easements -- Restrictive covenants -- Mortgages -- Enforceability of interest in land -- Landlord and tenant: the general law -- Landlord and tenant: statutory protection -- The Operation of the planning system and its legal framework -- The Law of development management and enforcement.
650 0 _aReal estate management
_xLaw and legislation
_zEngland.
700 1 _aMurdoch, J. R.
700 1 _aMurdoch, Sandi.
700 1 _aCard, Richard.
_tLaw for estate management students.
906 _a7
_bcbc
_corignew
_d2
_eepcn
_f20
_gy-gencatlg
942 _2lcc
_cBK
999 _c736
_d8236